00343nam a22001217a 4500999001700000020001800017100002900035245006000064260003400124300001000158700004100168942001200209 c39082d39082 a9788119139071 aCoomaraswamy, Ananda K.  aIntroduction to Indian Art cBy Ananda K. Coomaraswamy  aNew Delhi :bManohar, c2023. a104p. a Mrs Ananda K. Coomaraswamy eeditor 2ddccBK